Fr. Conceicao Rodrigues College of Engineering

Financial Statement Analysis (Record no. 22781)

MARC details
000 -LEADER
fixed length control field 00289nam a2200133Ia 4500
100 ## - MAIN ENTRY--PERSONAL NAME
Personal name Myer/ John.N
245 ## - TITLE STATEMENT
Title Financial Statement Analysis
260 ## - PUBLICATION, DISTRIBUTION, ETC.
Name of publisher, distributor, etc. Prentice Hall of India
Date of publication, distribution, etc. 2001
300 ## - PHYSICAL DESCRIPTION
Extent 270
546 ## - LANGUAGE NOTE
Language note ENGLISH
650 ## - SUBJECT ADDED ENTRY--TOPICAL TERM
Topical term or geographic name entry element Economics
654 ## - SUBJECT ADDED ENTRY--FACETED TOPICAL TERMS
Focus term Analysis
942 ## - ADDED ENTRY ELEMENTS (KOHA)
Koha item type BOOK
Holdings
Withdrawn status Lost status Damaged status Not for loan Collection Home library Current library Date acquired Cost, normal purchase price Inventory number Total Checkouts Full call number Barcode Date last seen Cost, replacement price Price effective from Koha item type
        AFT Fr. Agnel's C.Rodrigues College of Engineering Fr. Agnel's C.Rodrigues College of Engineering 17/03/2023 19.00 1452   AFT938 17/03/2023 19.00 17/03/2023 BOOK